| 000 | 00509nam a2200169Ia 4500 | ||
|---|---|---|---|
| 008 | 230917s9999||||xx |||||||||||||| ||und|| | ||
| 020 | _cRS625 | ||
| 040 |
_e259684 _aMAIN |
||
| 041 | _aEnglish | ||
| 082 | _a294.594 D448D | ||
| 100 | _aDerrett, J Duncan M | ||
| 245 | 0 | _aDharmasastra and juridical literature | |
| 260 |
_aNew Delhi _bManohar Publisher and Distributors _c2020 |
||
| 300 | _ax, 75 p. | ||
| 500 | _a3813 12/12/2019 RK19/2622 11/12/2019 Ch. Ranbir Singh Institute of Social and | ||
| 942 | _cBK | ||
| 999 |
_c33793 _d33793 |
||